Ταφική αρχιτεκτονική και χωροταξική οργάνωση των νεκροπόλεων της Καμιρίδος : διπλωματική εργασία [πτυχιακή εργασία]
Αποθηκεύτηκε σε:
| Κύριος συγγραφέας: | |
|---|---|
| Συγγραφή απο Οργανισμό/Αρχή: | |
| Άλλοι συγγραφείς: | |
| Μορφή: | Thesis Βιβλίο |
| Γλώσσα: | Greek |
| Δημοσίευση: |
2012
|
| Θέματα: | |
| Διαθέσιμο Online: | http://hdl.handle.net/11610/8268 |
| Ετικέτες: |
Προσθήκη ετικέτας
Δεν υπάρχουν, Καταχωρήστε ετικέτα πρώτοι!
|
MARC
| LEADER | 00000cam a2200000 i 4500 | ||
|---|---|---|---|
| 001 | 1/22817 | ||
| 008 | 120907s2012 gre d | ||
| 035 | |l 10113126 | ||
| 040 | |a GR-MY-UA |b gre |e aacr | ||
| 041 | 0 | |a gre | |
| 082 | 0 | |a 938.21 |2 (22) | |
| 100 | 1 | |a Αχιολά, Μαρία Γ. | |
| 245 | 1 | 0 | |a Ταφική αρχιτεκτονική και χωροταξική οργάνωση των νεκροπόλεων της Καμιρίδος : |b διπλωματική εργασία [πτυχιακή εργασία] / |c Αχιολά Μαρία ; επιβλέπων: Μ. Ι. Στεφανάκης |
| 260 | |c 2012 | ||
| 300 | |a 189 σ.; |b χαρτ., φωτ., πιν.; |c 30 εκ. | ||
| 500 | |a Μέλη εξεταστικής επιτροπής: Μ. Παναγιωτάκη, Σ. Συρόπουλος | ||
| 502 | |a Πτυχιακή εργασία – Πανεπιστήμιο Αιγαίου, Ρόδος, 2012. | ||
| 504 | |a Βιβλιογραφία: σ. 168-172 | ||
| 650 | 0 | 0 | |a Tombs |z Greece |z Rhodes (Island) |
| 650 | 0 | 0 | |a Excavations (Archaeology) |
| 650 | 0 | 0 | |a City planning. |
| 650 | 0 | 0 | |a Dissertations, Academic |z Greece. |
| 651 | 0 | |a Rhodes (Greece : Island) |x Antiquities. | |
| 700 | 1 | |a Στεφανάκης, Εμμανουήλ Ι. |4 ths | |
| 710 | 2 | |a Πανεπιστήμιο Αιγαίου |b Σχολή Ανθρωπιστικών Επιστημών |b Τμήμα Μεσογειακών Σπουδών. | |
| 852 | |a INST |b RHODES |c DIATR |e 20120907 |h 938.21 ΑΧΙ |p 005400034505 |q 005400034505 |t DIE |y 23 | ||
| 852 | |a INST |b RHODES |c DIATR |e 20120907 |h 938.21 ΑΧΙ |p 005400034506 |q 005400034506 |t DIE |y 23 | ||
| 856 | |u http://hdl.handle.net/11610/8268 | ||
| 901 | |a BIBL4-2012-3 | ||
| 909 | |a Ρ |b 171139 | ||
| 909 | |a Ρ |b 171140 | ||
| 924 | |a ΑΧΙΟΛΑ |b ΜΑΡΙΑ |y ΡΟΔΟΣ |z 2012-02 | ||
| 970 | |z 2012/09/07 | ||